[Event "Champions Chess Tour Chessable Masters "]
[Site "Online"]
[Date "2021.08.05"]
[Round "4"]
[White "Le, Quang Liem"]
[Black "Aronian, Levon"]
[Result "1-0"]
[WhiteElo "2744"]
[BlackElo "2761"]
[EventDate "2021.??.??"]
[Annotator "Bojkov,Dejan"]
[PlyCount "87"]
[Beauty "7427076192346"]
[EventType "team-tourn"]

1.d4 Nf6 2.Nf3 g6 3.Nc3 d5 4.Bf4 Bg7 5.Nb5 Na6 {This position can occur with reversed colors from the Chigorin Defense.} 6.e3 Nh5 ( {Black can also castle at once} 6...O-O 7.h3 c6 8.Nc3 b5 9.Be2 b4 10.Na4 Qa5 11.b3 Nd7 12.O-O Nb6 13.Nb2 c5 {with good play for the second player in Xiong,J (2709) -Jones,G (2677) Chess.com 2021} ) 7.Bg5 c6 8.Nc3 Qb6 $146 {A novelty, but a typical move for the position. Black forces a concession.} ( {An earlier game saw another logical development} 8...Nc7 9.Be2 O-O 10.h3 b6 11.Bh4 Bb7 12.O-O c5 13.a4 Ne6 14.Ng5 Nxg5 15.Bxg5 h6 16.Bh4 Bf6 17.Bxf6 Nxf6 18.Qd2 Kg7 19.Rfd1 e6 20.a5 {1/2-1/2 Klauner,T (2437)-Williamson, D (2421) ICCF email 2018} ) 9.Rb1 f6 10.Bh4 O-O 11.h3 e5 {All of this is pretty logical, but Aronian's last move is not optimal.} ( {The immediate} 11...g5 12.Nd2 {is not excellent either.} ) ( {However,} 11...Bh6 $5 {looks good, when after} 12.g4 g5 13.Bxg5 ( {And in comparison with the game} 13.gxh5 gxh4 14.Nxh4 e5 {is a much better version of the game continuation as the black bishop is very active.} ) 13...fxg5 14.gxh5 {The position is unclear.} ) 12.g4 g5 13.gxh5 gxh4 14.Rg1 Kh8 15.h6 $1 {That is the difference: the h5-square is available for the queen, and Le can start attacking the opponent's king at once.} 15...Bxh6 16.Nxh4 Bg5 17.Qh5 Bxh4 {Sad, but needed. Otherwise, Nh4-g6 is unstoppable.} 18.Qh6 {A smart intermediate move.} ( {There is nothing wrong with} 18.Qxh4 Bf5 19.Qh6 Rf7 20.Qh5 Be6 21.Bxa6 Qxa6 22.Ne2 {with a clear edge for the first player.} ) ( {However, the other intermediate move} 18.Bd3 $1 {would be even better, for example} 18...e4 ( {If Black replies with an intermediate in turn} 18...Bxf2+ {then} 19.Kxf2 e4 ( 19...Qc7 20.Rg3 {and White's attack grows by itself.} ) 20.Bxa6 Qxa6 {And Black is surprisingly helpless after either} 21.Rg3 $1 ( {or} 21.Ne2 $1 ) ) 19.Bxa6 Qxa6 20.Qxh4 {and once the knight is transferred to the f4-square, Black is in obvious trouble.} ) 18...Rf7 19.Qxh4 Nb4 ( {A better idea is} 19...exd4 $1 20.exd4 Bf5 {when Black is having counterplay on his own.} ) 20.Kd2 c5 {Aronian blunders.} ( {It is not too late for} 20...exd4 21.exd4 Bf5 22.Bd3 Bxd3 23.cxd3 c5 $1 {with double-edged, unclear play.} ) 21.a3 Nc6 22.Bd3 $1 {Probably missed by Aronian.} ( {Black had likely considered only} 22.Nxd5 Qd8 23.c4 cxd4 {when he is in good shape.} ) 22...Qd8 ( {If} 22...e4 23.Nxd5 Qa5+ 24.b4 $1 Qd8 25.Bxe4 {White wins at once.} ) 23.dxc5 {Simple and good. Le gets enough time to consolidate his queenside and concentrate on his kingside attack.} 23...b6 ( {If} 23...a6 {then} 24.Qh5 ( {or} 24.Rbd1 {and Black is again under pressure.} ) 24...Be6 25.Bf5 Qd7 26.Bxe6 Qxe6 27.Rbd1 {consolidating White's advantage.} ) 24.Rbd1 bxc5 25.Kc1 Be6 26.Be4 $1 {That is the problem. The pawn on d5 cannot stand.} 26...Nd4 ( {For} 26...Ne7 {is spectacularly refuted with} 27.Bxh7 $1 ) 27.Bh1 ( {Missing a simpler solution:} 27.exd4 $1 dxe4 ( {Black is trouble also after} 27...cxd4 28.Bg6 ) 28.dxc5 {with a clear edge.} ) 27...Rb8 28.exd4 cxd4 29.Ne2 Qb6 {Now Black his own threats.} 30.b4 {In order to defend his a3-pawn along the third rank.} ( {Aronian would have had enough attacking power after} 30.b3 Qa6 31.Rd2 Qxa3+ 32.Kd1 Qa1+ 33.Nc1 Rc8 {and anything is possible.} ) 30...Qa6 31.Rd3 e4 {Probably missing White's next.} ( {Otherwise, Aronian would have chosen the natural} 31...Qc4 {He might have disliked} 32.Nxd4 $1 {Now the exceptional} 32...Rc8 $3 33.Kb1 a5 $1 ( 33...exd4 34.Rd2 ) 34.bxa5 e4 35.Rdd1 Qc3 {should likely lead to a perpetual check.} ) 32.b5 $3 {A brilliant spoiler!} ( 32.Rd2 $2 Qxa3+ 33.Kd1 Rxb4 {would give Black a decisive attack instead.} ) 32...Qa5 ( {As} 32...Rxb5 {blocks the queen's access to the Ne2, and White wins with} 33.Rdg3 Rb8 34.Nxd4 ) 33.Rxd4 Qxa3+ {Now comes a fabulous king march.} 34.Kd2 $1 Qa5+ 35.Ke3 $1 Rc8 36.c4 ( {Easier is} 36.Qf4 $1 {when the queen would forcefully use the squares along the diagonal} 36...Qa3+ ( 36...Rxc2 37.Qd6 ) 37.c3 Rxc3+ 38.Nxc3 Qxc3+ 39.Ke2 Qxd4 40.Qb8+ {and backrank mate.} ) 36...Qa3+ 37.Kf4 Qb2 ( {Missing the perpetual} 37...Qd6+ $1 38.Ke3 Qa3+ $11 ) 38.Qh5 dxc4 39.Bxe4 {Now White is in control, and everything ends dramatically in the time-scramble.} 39...f5 40.Bc6 c3 41.Qg5 Rcf8 42.Rd8 Qb4+ 43.Nd4 ( {A pity! Le could have finished the brilliant king walk with} 43.Ke5 $3 Rxd8 ( {The checks are also over in case of} 43...Qc5+ 44.Kxe6 Qc4+ 45.Bd5 Qxe2+ 46.Kd6 ) 44.Qxd8+ Rf8 45.Qg5 Qc5+ 46.Kxe6 Qc4+ 47.Kd6 {and Black is helpless.} ) 43...Bd7 {Uff, a mate blunder!} ( {Aronian would have even turned the tables with only} 43...Rxd8 $1 44.Qxd8+ Rf8 45.Be8 c2 46.Ke5 Ba2 47.Rc1 Qc5+ 48.Kf4 Bd5 {and White is in trouble.} ) 44.Qg8+ ( 44.Qg8+ Rxg8 45.Rgxg8# ) 1-0

[Event "E Women's World Cup 2021"]
[Site "Sochi"]
[Date "2021.08.01"]
[Round "7.1"]
[White "Goryachkina, Aleksandra"]
[Black "Kosteniuk, Alexandra"]
[Result "0-1"]
[WhiteElo "2596"]
[BlackElo "2472"]
[EventDate "2021.??.??"]
[Annotator "Bojkov,Dejan"]
[PlyCount "126"]
[Beauty "6187839923279"]
[EventType "simul"]
[EventRounds "2"]
[EventCountry "RUS"]

1.d4 Nf6 2.c4 e6 3.g3 d5 4.Bg2 dxc4 5.Nf3 a6 6.O-O Nc6 7.Be3 {Quite a fresh idea.} ( {More common is} 7.a4 Rb8 8.a5 b5 9.axb6 cxb6 10.Bf4 Bd6 11.Ne5 Ne7 12.Bc6+ Kf8 13.Bg2 Nfd5 14.Bd2 b5 15.b3 {with huge complications in Giri,A (2776)-Nepomniachtchi,I (2792) Zagreb 2021} ) 7...Nd5 8.Qc1 Nxe3 $146 {An accurate move and a novelty.} ( {In an earlier game, Black tried} 8...Be7 {However, after} 9.Qxc4 Nxe3 10.fxe3 {the doubled white pawns provided them central stability and a little pull in the endgame after} 10...O-O 11.Nc3 Rb8 12.Ne4 Qd5 13.Ned2 Bd7 14.Rac1 Qxc4 15.Nxc4 {Sjugirov,S (2675)-Oparin,G (2652) Chess.com 2020} ) 9.Qxe3 {The correct choice.} ( {Otherwise Black will develop her dark-squared bishop aggressively with} 9.fxe3 g6 ) 9...Be7 10.Rc1 O-O {Going into slow developing mode.} ( {There's not enough compensation after} 10...b5 11.Ne5 ) 11.Rxc4 Bd7 12.a3 $1 {An accurate move. Despite Black's bishop pair, it is White that has the easier play. The position is closed, and the bishops cannot show their strength, whereas White can easily expand on the kingside, thanks to her strong center.} ( {Goryachkina prevents the active maneuver} 12.Nbd2 Nb4 ) 12...a5 13.Nbd2 a4 14.Ne5 {Prolonging the diagonal for the bishop.} ( {The manuever in the game cannot be prevented:} 14.Rac1 Na5 15.Rxc7 $2 {loses the exchange due to} 15...Bc6 ) 14...Na5 {Quite original, Black is bringing her pieces out.} ( {Instead} 14...Nxe5 15.dxe5 c5 16.Ne4 Bb5 17.Rcc1 Qd4 {would not have solved Black's problems due to} 18.Qxd4 $1 cxd4 19.Rc7 ) 15.Rc2 Bb5 16.Re1 {A smart move, which is overprotecting the e2-pawn.} ( 16.h4 $5 {at once is also quite good.} ) 16...Ra6 $1 {Once more an original maneuver by Kosteniuk!} 17.h4 Rd6 18.Qc3 c6 19.e3 f6 {This, however, is a very risky decision. Kosteniuk does not want to wait patiently and instead wants to open her bishops. But she needs to pay with a pawn for that.} ( {The other way to play it is the patient} 19...Qa8 $5 {although there White can proceed building a kingside initiative with} 20.h5 Rfd8 21.h6 ) 20.Nef3 ( {Kosteniuk thought that} 20.Nec4 $5 {would have been a better idea for White.} ) 20...e5 {The logical follow-up, but White has a strong counterblow at her disposal.} 21.b4 $1 {Now Goryachkina wins a pawn by force.} ( {Naturally, not} 21.dxe5 $4 Rd3 {trapping the queen.} ) 21...axb3 22.Nxb3 Nxb3 23.Qxb3+ Kh8 24.a4 ( {Another way to exploit her central superiority is connected with} 24.dxe5 Rd3 ( {Black can also play like in the game:} 24...fxe5 25.Nxe5 Qe8 ) 25.Qb1 Rxa3 26.Rd2 Rd3 ( {Or} 26...Qe8 27.Nd4 fxe5 28.Nxb5 cxb5 29.Rd5 {with an edge for White.} ) 27.Red1 Rxd2 28.Rxd2 Qe8 29.Nd4 {White has the initiative.} ) 24...Ba6 25.dxe5 Rd3 26.Rc3 Rxc3 27.Qxc3 fxe5 28.Qxe5 c5 {For the pawn Kosteniuk got the bishop pair and a strong outside passer. It was evident after the game that she enjoyed her compensation.} 29.h5 $1 {Goryachkina logically accomplishes her kingside expansion.} ( {White could have also taken care of the pawn with} 29.Rc1 $5 c4 30.Nd4 ) 29...c4 30.h6 Bf6 31.hxg7+ Bxg7 32.Qh5 Qf6 {This obvious move, however, fails concretely and should have led to a disaster.} ( {Kosteniuk needed to search for a queen swap instead with} 32...Qe8 $1 33.Qd5 Qf7 $1 {Without the queens on the board, Black can fully enjoy her compensation.} ) 33.Ng5 $3 {Going all-in. Goryachkina feels that this is the right thing to do.} 33...Qxf2+ ( {It is probably not too late to offer the queen swap with} 33...Qg6 $1 {Although this version is much better for White after} 34.Qxg6 hxg6 35.Be4 Rf6 36.Rd1 $1 {with a clear edge for White.} ) 34.Kh2 Qc2 $1 {The only move. The white bishop remains pinned. Both players were very low on time but found amazing resources.} ( 34...h6 {would lose after} 35.Rf1 Qc2 36.Rxf8+ Bxf8 37.Ne6 Kg8 38.e4 $1 {cutting away the queen from the defense with inevitable mate.} ) ( {And if Black defends the diagonal with} 34...Qf5 {then the bishop joins in the attack decisively:} 35.Be4 Qf2+ 36.Kh3 ) 35.e4 $1 {If Goryachkina manages to block the opponent's main defender, her attack should emerge victorious.} 35...h6 36.Nf7+ {Maybe White wanted to repeat the moves once in time trouble to reach the time control and only then find the accurate solution. Alas, she would not get a second chance after this.} ( {Goryachkina's brilliant attack would have been crowned with the decisive inclusion of the rook:} 36.Rd1 $3 {is winning with the decisive threat or Rd1-d6xh6, like in the line} 36...Rf2 ( 36...Kg8 {does not help either as the white rook finds another way in:} 37.Qg6 $1 hxg5 38.Rd7 ) 37.Rd8+ Rf8 ( {Or instant mate} 37...Bf8 38.Qxh6+ Kg8 39.Qh7# ) 38.Rd6 Kg8 39.Rxh6 $1 {And Rh6-h8! when mate is unstoppable.} ) ( {Notice that the other tempting move} 36.Ne6 {would not work for White after} 36...Rf2 $1 37.Rg1 Kh7 ) 36...Kg8 $1 {Once again the only move.} ( {The other king retreat loses after} 36...Kh7 $2 37.e5 c3 38.e6 $1 ) 37.Qd5 {A seemingly decisive ambush, however White is about to be shocked.} ( {If Goryachkina had more time on the clock, she might have noticed the change in the situation and settled for a draw instead with} 37.Nxh6+ Bxh6 38.Qxh6 Rf2 39.Rg1 {when Black can continue with either} 39...Qd2 $1 ( {Or} 39...c3 {and White has to force a perpetual check sooner or later.} ) ) 37...c3 $3 {A cold shower! There are so many discovered checks, a double check as well, but none of them leads White anywhere. Kosteniuk thought that her opponent missed this move.} ( 37...Rxf7 $2 {of course loses to} 38.Rf1 ) 38.Nxh6+ Kh7 39.Nf7 ( {Otherwise too, Black speculates with the queen trade} 39.Nf5 Qd2 $1 ) ( {However} 39.Ng4 $5 {might have still been a draw in the complicated line} 39...Qd2 40.Qh5+ Bh6 41.Re3 Bf1 $3 42.Qxh6+ Kg8 $11 {with a perpetual check.} ) 39...Qf2 {A double attack in time trouble!} ( {However, the offer to swap queens is still best:} 39...Qd2 $1 {with the key idea to escape with the king in the line} 40.Qh5+ ( {Therefore, White needs to accept the trade} 40.e5 $1 {When} 40...Qxe1 $4 {loses beautifully:} ( {But Black can take the queens off the board instead} 40...Qxd5 $1 41.Bxd5 Bd3 $17 {with a clear edge for the second player as the strength of the passer and the bishop pair increases in the endgame.} ) 41.Be4+ $1 Kg8 42.Nh6+ Kh8 43.Qg8+ $1 Rxg8 44.Nf7# {thanks to this study-like smothered checkmate.} ) 40...Kg8 41.Ng5 Rf6 $1 {and the black king is safe, which cannot be said for its colleague.} ) 40.Ng5+ {The last move before the time control and Goryachkina steps on the edge of the abyss again.} ( {It is a good moment to force a draw with} 40.Qh5+ Kg8 41.Nh6+ Bxh6 42.Qxh6 Qxe1 ( {Or} 42...Rf6 43.Qh4 Bd3 44.e5 {when again a perpetual is about to happen.} ) 43.Qg6+ Kh8 44.Qh6+ ) 40...Kg6 $3 {Suddenly it is Black who is attacking the opponent's king.} ( {In case of} 40...Kh8 41.Qd7 Qf6 $1 ( {Not allowing the mate after} 41...Qxe1 $4 42.Qh3+ ) 42.Ne6 Qh6+ 43.Kg1 c2 {The game would likely end in a draw in the forcing line} 44.Nxf8 c1=Q 45.Ng6+ Kh7 46.Rxc1 Qxc1+ 47.Kh2 Kxg6 48.Qf5+ Kh6 49.Qh3+ $11 {with yet another perpetual.} ) 41.Rh1 {Black felt that she should win somehow by force now; she has spent almost all her time.} ( {The computer suggestion} 41.Ra1 Qd2 $1 {is much better for Black.} ) 41...Qd4 ( {Stronger is} 41...c2 $1 42.Nh3 Qe3 {when Black is seemingly winning.} ) 42.Nh3 $1 {The only defense.} ( {The more central retreat leads to mate after} 42.Nf3 Rh8+ 43.Nh4+ ( 43.Bh3 Qf2# ) 43...Rxh4+ 44.gxh4 Be5+ 45.Kh3 Qe3+ {Funny, a symmetrical idea that White used earlier.} ) 42...Qxd5 43.exd5 Bh6 {The c-pawn is still a huge force, but Goryachkina has a path to the draw.} ( {Somewhat more accurate is} 43...Be5 $5 44.Nf4+ Kf6 ) 44.Re1 ( {A neater way to save the half point is} 44.Nf4+ $1 {Then White likely feared the line} 44...Rxf4 $1 ( {Or} 44...Bxf4 45.gxf4 c2 46.Rc1 Bd3 47.Kg3 {when White should hold.} ) 45.gxf4 Bxf4+ 46.Kh3 Bd3 {It seems as the black passer is unstoppable, and indeed it is, but White has a chance to snatch the opponent's last pawn in the line} ( {Not yet} 46...c2 47.Be4+ ) 47.Kg4 Bd2 48.d6 Bf5+ 49.Kf3 c2 50.Ke2 c1=Q 51.Rxc1 Bxc1 52.Bxb7 $11 {with a draw.} ) 44...Bd3 ( 44...Bd2 $1 {would be stronger, bypassing the white knight.} ) 45.Nf4+ $1 {Goryachkina found the drawing idea.} 45...Bxf4 $1 {But Kosteniuk keeps pushing for the win.} ( {Instead} 45...Rxf4 46.gxf4 Bxf4+ 47.Kh1 c2 48.d6 $1 $11 {leads to the draw from above.} ) 46.gxf4 Rxf4 47.d6 Rxa4 48.Bxb7 {Too many pawns have been traded, and now all White needs to do to achieve a textbook draw is to somehow trade the enemy passer for her bishop.} 48...Rd4 49.Kg3 {Missing a neat draw.} ( {The correct way is} 49.Rc1 $1 c2 50.Bc6 Rxd6 51.Ba4 $1 {with inevitable capture on c2. In this case White would lose the exchange but should be safe.} ) 49...Bf5 50.Bf3 c2 51.Rc1 Kf6 52.Kf2 Ke5 53.Ke3 {Missing her last chance to deal with the pawn once and for all.} ( 53.d7 $1 Rxd7 54.Bg4 $1 Bxg4 55.Rxc2 {would be a textbook draw. True, White still needs to prove it, at least for 50 more moves.} ) 53...Rd3+ 54.Ke2 Rxd6 55.Ke1 {Intending Bf3-d1!} ( {After} 55.Ke3 Rd3+ 56.Ke2 Kf4 57.Bh5 Rd8 {White is in zugzwang.} ) 55...Kd4 $1 {Activating her resources to the limit.} ( 55...Kf4 $1 {would be a bit more accurate when} 56.Bd1 Ke3 $1 {would transpose into the game.} ) 56.Bd1 ( {Maybe Goryachkina should have tried her last chance} 56.Bg4 $1 {although Kosteniuk still has a clear path to the win:} 56...Bd3 57.Kd2 Rh6 $1 ) ( {The black king cannot be stopped with} 56.Kd2 Kc4+ 57.Ke3 Kb3 ) 56...Ke3 $3 {The pawn is lost, but the white king is danger.} 57.Rxc2 ( {Or otherwise there is a study-like mate in the line} 57.Bxc2 Rg6 58.Kf1 Bh3+ 59.Ke1 Rg1# ) 57...Bxc2 58.Bxc2 {Normally, this endgame would be a draw, if the white king had a chance to sneak into the dark corner. Alas, she will never make it as Kosteniuk will chase the bishop constantly until it is simultaneously attacked with a back-rank checkmate threat.} 58...Rd2 ( {Missing the quickest win} 58...Ra6 $1 {but Kosteniuk will finds this later after all.} ) 59.Bf5 {The bishop tries to stay close to the black king.} 59...Rf2 60.Be6 Rf6 61.Bd5 Rd6 {But now it needs to step in the open air.} 62.Bb3 Rb6 63.Bc2 {And once that it blocks the king's sortie} 63...Ra6 $1 {Now she sees it and finishes it off. A hugely complicated, fighting game!} 0-1